LEADER 01622nam a2200361 a 4500 001 000000121156 003 CaOOAMICUS 005 20100412160339.0 008 100412t2010 it aboe u000 u ita r 040 $aPUL$bita$dReb 041 1 $aita$heng 082 04$a930 100 1 $aSekunda, Nicholas.$0(OLS)http://pul/name/75863 240 10$aRise of Rome$lItaliano.$0(OLS)http://pul/title/152370 245 13$aLa nascita di Roma /$cNicholas Sekunda e Simon Northwood ; illustrazioni di Richard Hook e Angus McBride. 260 $aMilano :$bRBA Italia,$c©2010. 300 $a72 p. :$bill., c. geogr., foto ;$c25 cm. 490 1 $aRoma$aLa Repubblica I 490 1 $aRoma e Grecia$aLe battaglie, gli eserciti, i grandi condottieri 500 $aPubblicazione periodica settimanale. 504 $aInclude bibliografia ed indice. 651 4$aRoma$xStoria.$0(OLS)http://pul/subject/1478 700 1 $aHook, Richard.$0(OLS)http://pul/name/75865 700 1 $aMcBride, Angus.$0(OLS)http://pul/name/75866 700 1 $aNorthwood, Simon.$0(OLS)http://pul/name/75864 830 0$aRoma e Grecia$pLe battaglie, gli eserciti, i grandi condottieri.$0(OLS)http://pul/title/150360 830 0$aRoma$pLa Repubblica I.$0(OLS)http://pul/title/152369 850 $aPUL 852 $aPUL$W1$xDP2 Filosofia 3$y112$m930 COLL 2.7$j138917$qDDC 21$q $B138156$CPULBib$Z2$F138156 $H113246 $81 941 1 $a9 996 $6082$a930$9(OLS)http://pul/classification/398 996 $6245$aLa nascita di Roma$9(OLS)http://pul/title/152368 996 $6260$aMilano :$bRBA Italia$9(OLS)http://pul/publisher/80118 LEADER 01731nam a2200349 a 4500 001 000000146214 003 CaOOAMICUS 005 20151002151116.0 008 151002s2015 it u000 u ita r 020 $a978-88-14-20568-2 040 $aPUL$bita 082 $a346.45 245 00$aDella tutela dei diritti :$b(artt. 2643-2969)/$ca cura di Giuseppe Finocchiaro, Raffaele Frasca, Federico Roselli ; con il coordinamento di Saverio Ruperto. 260 $aMilano :$bGiuffrè,$c2015. 300 $aLI, 514 p. ;$c24 cm 490 1 $aGiurisprudenza sul codice civile coordinata con la dottrina : aggiornamento 2011-2015 ;$v06 500 $aComprende indici. 500 $aIn testa al front.: Cesare Ruperto. 650 4$aDiritto civile$zItalia.$0(OLS)http://pul/subject/3770 700 1 $aRuperto, Cesare.$0(OLS)http://pul/name/40821 700 1 $aRoselli, Federico,$d1967-$0(OLS)http://pul/name/72190 700 1 $aFinocchiaro, Giuseppe,$d1970-$0(OLS)http://pul/name/72188 700 1 $aFrasca, Raffaele.$0(OLS)http://pul/name/72189 700 1 $aRuperto, Saverio.$0(OLS)http://pul/name/83100 830 0$aGiurisprudenza sul codice civile coordinata con la dottrina : aggiornamento 2011-2015 ;$v06.$0(OLS)http://pul/title/184852 850 $aPUL 852 $aPUL$W1$xSL Diritto e Scienze Sociali 3$y79$m346. 45 RUPCE 1.6.4$j169095$qDDC 21$B169878$CPULBib$Z2$F169878 $H126248 $82 941 1 $a9 996 $6020$a978-88-14-20568-2$9(OLS)http://pul/number/158795 996 $6082$a346.45$9(OLS)http://pul/classification/372 996 $6245$aDella tutela dei diritti :$b(artt. 2643-2969)/$9(OLS)http://pul/title/184854 996 $6260$aMilano :$bGiuffrè$9(OLS)http://pul/publisher/48401